Modern method of teaching physics (Record no. 3801)

MARC details
000 -LEADER
fixed length control field 00394nam a22001457a 4500
008 - FIXED-LENGTH DATA ELEMENTS--GENERAL INFORMATION
fixed length control field 250605b |||||||| |||| 00| 0 eng d
020 ## - INTERNATIONAL STANDARD BOOK NUMBER
ISBN 9788131302354
100 ## - MAIN ENTRY--AUTHOR
Author Dayal Deepak
245 ## - TITLE STATEMENT
Title Modern method of teaching physics
260 ## - PUBLICATION, DISTRIBUTION, ETC. (IMPRINT)
Place of publication New Delhi
Name of publisher APH Publishing corporation
Date of publication 2020
300 ## - COLLATION
Pagination 228p
650 ## - TRACINGS
Main Subject Physics- study and teaching
942 ## - ADDED ENTRY ELEMENTS (KOHA)
Item type Books
050 ## - LIBRARY OF CONGRESS CALL NUMBER
Classification number QC 30
Item number .D39
Holdings
Source of classification or shelving scheme Not for loan Permanent location Current location Date acquired Accession No. Full call number Barcode. Koha item type
Library of Congress Classification   Samuel Ogbemudia Main Library, University of Abuja Samuel Ogbemudia Main Library, University of Abuja 06/05/2025 2023/61854 QC 30 .D39 2025-2413 Books